Flags of FIFA World Cup Host Countries - Statistics

General Stats
  • This quiz has been taken 162 times
  • The average score is 18 of 19
Answer Stats
Picture Hint Answer % Correct
1950 & 2014 Brazil
100%
1938 & 1998 France
100%
1934 & 1990 Italy
100%
1954 Switzerland
98%
1930 Uruguay
98%
1966 England
97%
1974 & 2006 Germany
97%
2002 Japan
97%
1970, 1986 & 2026 Mexico
97%
2002 South Korea
97%
1982 Spain
97%
1958 Sweden
97%
1994 & 2026 United States
97%
1978 Argentina
96%
2026 Canada
96%
2022 Qatar
96%
2010 South Africa
96%
1962 Chile
93%
2018 Russia
93%
No matching quizzes found
Score Distribution
Percent of People with Each Score
Percentile by Number Answered
Your Score History
You have not taken this quiz